Nhà ở truyền thống của người Dao Tuyển ở Lào Cai

Nội dung sách gồm 3 chương : Khái quát về người Dao Tuyển ở Lào Cai; Cấu trúc và quy trình làm nhà của người Dao Tuyển ở Lào Cai; Chức năng của nhà và sinh hoạt văn hóa trong ngôi nhà của người Dao Tuyển ở Lào Cai....

ver descrição completa

Na minha lista:
Detalhes bibliográficos
Autor principal: Chảo, Văn Lâm
Formato: Livro
Idioma:Undetermined
Publicado em: Hà Nội Khoa học - Xã hội 2015
Assuntos:
Tags: Adicionar Tag
Sem tags, seja o primeiro a adicionar uma tag!
Thư viện lưu trữ: Trung tâm Học liệu Trường Đại học Cần Thơ
LEADER 00987nam a2200205Ia 4500
001 CTU_209348
008 210402s9999 xx 000 0 und d
082 |a 728.09597 
082 |b L120 
100 |a Chảo, Văn Lâm 
245 0 |a Nhà ở truyền thống của người Dao Tuyển ở Lào Cai 
245 0 |c Chảo Văn Lâm 
260 |a Hà Nội 
260 |b Khoa học - Xã hội 
260 |c 2015 
520 |a Nội dung sách gồm 3 chương : Khái quát về người Dao Tuyển ở Lào Cai; Cấu trúc và quy trình làm nhà của người Dao Tuyển ở Lào Cai; Chức năng của nhà và sinh hoạt văn hóa trong ngôi nhà của người Dao Tuyển ở Lào Cai. 
650 |a Kiến trúc bản xứ,Vernacular architecture 
650 |z Việt Nam,Việt Nam 
904 |i Trương Thủy Ly,Hải 
980 |a Trung tâm Học liệu Trường Đại học Cần Thơ